|
|
|
|
| LEADER |
00997nam a2200253 a 4500 |
| 001 |
3450634 |
| 008 |
090729s1996 nyu b 001 0 eng d |
| 010 |
|
|
|a 92029776
|
| 020 |
|
|
|a 014043514X
|
| 040 |
|
|
|a DLC
|c DLC
|d DLC
|
| 082 |
0 |
0 |
|a 823/.8
|2 21
|
| 100 |
1 |
|
|a Hardy,Thomas.
|
| 245 |
0 |
0 |
|a Tess of the D'Urbervilles/
|c Thomas Hardy; edited and notes by Tim Dolin;Introduction and notes by Margaret R. Higonnet.
|
| 260 |
|
|
|a New York;
|a London:
|b St. Martin's Press;
|b Michael Irwin;Penguin Books,
|c 1996.
|
| 300 |
|
|
|a xxiii, 517 p. ;
|c 19 cm.
|
| 490 |
|
0 |
|a Penguin Classics.
|
| 541 |
1 |
|
|e 00011948
|
| 600 |
1 |
0 |
|a Hardy, Thomas,
|d 1840-1928.
|t Tess of the D'Urbervilles.
|
| 700 |
1 |
|
|a Dolin,Tim.
|
| 700 |
1 |
|
|a Higonnet,Margaret R.
|
| 852 |
4 |
|
|a Ayesha Abed Library
|j General Shelf.
|
| 942 |
0 |
0 |
|0 1
|
| 999 |
|
|
|c 3052
|d 3052
|
| 952 |
|
|
|0 0
|1 0
|2 ddc
|4 0
|6 823_800000000000000_HAR
|7 0
|9 2765
|a BRACUL
|b BRACUL
|c GEN
|d 2009-08-30
|g 672.00
|l 14
|m 83
|o 823.8 HAR
|p 3010011948
|r 2026-01-14
|s 2025-12-24
|t 1
|v 1344.00
|w 2009-08-30
|y BK
|x $7.95
|